Feat US FR (edition rap) - Statistiques

Statistiques générales
  • Ce quiz a été pris 277 fois
  • Le résultat moyen est 4 sur 15
Statistiques - réponses
Hint Réponse % Correct
Crystal (kaaris) Future
91%
On fait pas ca (lacrim) Lil durk
49%
Bella (mhd) Wizkid
44%
Gun in hand (booba) Akon
33%
Bust down deux (youv dee) Trippie redd
33%
Bang Bang (gradur) Chief keef
31%
Corazon (Gims) Lil wayne
31%
Mission cleopatra (jamel) Snoop dogg
31%
Boom bye bye (niska) Diplo
28%
Cocoro (hamza) Ckay
19%
Flair (kalash) Gucci mane
10%
Toussa toussa (disiz) Mac miller
7%
Mariott hotel (dosseh) Tory lanez
7%
L’ecole du crime (113) Mobb deep
6%
QAMS (LMB) Fivio foreign
4%
Aucun quiz correspondant
Distribution des résultats
% des personnes avec chaque résultat
Percentile par nombre de réponses
Votre historique - résultats
Vous n’avez pas pris ce quiz